000 00454nam a2200121Ia 4500
008 231228s2010 xx 000 0 und d
041 _aeng
082 _a658.49
_bPEA
100 _aPEARCE (Craig L.)/ MACIARIELLO (Joseph A.)/ TAMLWA
245 _aThe Drucker Difference: What the Worlds Greatest Management Thinker Means to Todays Business Leaders
260 _aNew Delhi
_bTata McGraw-Hil Publication Company Limited . Delhi
_c2010
300 _aiii, 318
999 _c1093289
_d1093289